Lenguaje y comunicación 3º básico: texto para el estudiante
Sparad:
| Huvudupphovsmän: | , |
|---|---|
| Materialtyp: | Bok |
| Språk: | spanska |
| Publicerad: |
Santiago
Cal y Canto
2006
|
| Upplaga: | 1a. ed |
| Ämnen: | |
| Taggar: |
Lägg till en tagg
Inga taggar, Lägg till första taggen!
|
MARC
| LEADER | 00000nam a2200000 a 4500 | ||
|---|---|---|---|
| 001 | UCK9627 | ||
| 003 | CL-VaPUC | ||
| 008 | 060519e20060000CL |||||||||||||||||spa|d | ||
| 020 | |a 9567602816 | ||
| 082 | 0 | 4 | |a 372.6 |b ALD |2 21 |
| 100 | 0 | |a Aldunate Díaz, Vilma |e author |9 499394 | |
| 700 | 0 | |a López Fuster, Mónica |e author |9 499395 | |
| 245 | 1 | 0 | |a Lenguaje y comunicación 3º básico: texto para el estudiante |
| 250 | |a 1a. ed | ||
| 300 | |a 160 p | ||
| 942 | |c BK | ||
| 945 | |d 20060519 00:00:00 |a cmena | ||
| 260 | |a Santiago |b Cal y Canto |c 2006 | ||
| 650 | 0 | |a Educación básica |9 224933 | |
| 650 | 0 | |a Educación lingüística |9 306506 | |
| 650 | 0 | |a Libros de texto |9 270019 | |
| 650 | 0 | |a Métodos de enseñanza |9 270413 | |
| 583 | |a last modification |c 20171004 12:17:25 |k Rodrigo Vera | ||
| 999 | |c 316711 |d 316709 | ||
| 952 | |0 0 |1 0 |4 0 |6 372_600000000000000_ALD_2006 |7 0 |8 A |9 391446 |a BIBEDU |b BIBEDU |d 2019-11-22 |i 4231856 |o 372.6 ALD 2006 |p 4231856 |r 2019-11-22 |w 2019-11-22 |y BK |k LIT | ||
| 952 | |0 0 |1 0 |4 0 |6 372_600000000000000_ALD_2006 |7 0 |8 A |9 391447 |a BIBEDU |b BIBEDU |d 2019-11-22 |i 4231872 |o 372.6 ALD 2006 |p 4231872 |r 2019-11-22 |w 2019-11-22 |y BK |k LIT | ||